000 00779na a2200253 4500
001 20497
003 MIRAKIL
005 20181213155132.0
008 170123b tu 000 0
040 _aMilas
_btur
_cTR-AnCHP
041 _atur
082 _a339.2
_bD94k 1993
090 _a339.2 D94k 1993
100 _aDülgeroğlu, Ercan
245 _aKentlerde yaşayan ücretli kesimin telafi edici ve tamamlayıcı gelir kaynakları: Bursa örneği
_cErcan Dülgeroğlu...[ve öte]
246 _aAraştırma sonuçları
260 _aİstanbul
_bFES
_c1993
300 _a197 s.
_btbl.
_c22 sm.
504 _aKaynakça var.
650 _aGelir kaynakları
_zCoğrafya
710 _aFriedrich Ebert Vakfı (FES)
740 _aAraştırma sonuçları
942 _2ddc
_cBKS
999 _c7256
_d7256